حوار اخر / (رقم التسجيلة. 101019)

تفاصيل مارك
000 -الفاتح
عناصر البيانات ثابتة الطول 00579caa a2200169 i 4500
005 - تاريخ ووقت آخر معاملة
حقل ضبط 20260215102723.0
008 - عناصر البيانات ثابتة الطول
عناصر البيانات ثابتة الطول 250721s1981 iq gr 000 j ara d
082 14 - رقم تصنيف ديوي العشري
رقم التصنيف ق
رقم المادة ي ا س
100 1# - مدخل رئيسي – اسم شخصي
الاسم الشخصي ياسين، فرج
علاقة الشخص بالعمل/ دوره مؤلف.
245 10 - بيان العنوان
العنوان حوار اخر /
بيان المسؤولية فرج ياسين.
264 31 - بيانات النشر، التوزيع…إلخ
مكان النشر، التوزيع...إلخ العراق :
اسم الناشر، الموزع...إلخ دار الرش للنشر،
تاريخ النشر، التوزيع...إلخ 1981.
490 0# - بيان السلسلة
عنوان السلسلة سلسلة القصة والمسرحية ؛
رقم الوعاء في السلسلة رقم 123.
650 17 - مدخل إضافي بالموضوع - مصطلح موضوعي
مصطلح موضوعي أو اسم جغرافي كعنصر مدخل القصص العربية.
830 #0 - مدخل إضافي بالسلسلة-عنوان مقنن
عنوان السلسسلة سلسلة القصة والمسرحية.
942 ## - بيانات إضافية (كوها)
نوع التنصيف Dewey Decimal Classification
نوع المادة (كوها) مقالات
المقتنيات
حالة السحب حالة الفقدان مصدر التصنيف حالة التلف غير قابل للإعارة المكتبة الرئيسية المكتبة الحالية موقع الرف تاريخ التزويد الرقم المتسلسل Total Checkouts رقم الإستدعاء الباركود تاريخ آخر ظهور تاريخ الفاتورة نوع المادة (كوها)
    Dewey Decimal Classification     المكتبة المركزية المكتبة المركزية الإعارة 28/07/2025 1038750   ق / ي ا س 1038750 28/07/2025 28/07/2025 مقالات
Implemented & Customized by: BBB with SCIT (Smart Chains for Information Technology)

Powered by Koha